000 00434nam a2200133Ia 4500
008 151001s9999||||xx |||||||||||||| ||und||
100 _aराजेंद्र चंद्रकांत राय
245 _aसामान्य पर्यावरण ज्ञान
250 _a1
260 _bभारतीय प्रकाशन संस्था
260 _c2005
300 _a128
365 _b21
999 _c984163
_d984160